[Event "La Paz Clasification op 1st"]
[Site "La Paz"]
[Date "2018.02.02"]
[Round "4"]
[White "Chiu Lelyen, Kinyen"]
[Black "Saavedra, Nilo"]
[Result "0-1"]
[WhiteElo "1656"]
[BlackElo "1962"]
[PlyCount "86"]
[EventDate "2018.02.01"]
[EventType "swiss"]
[EventRounds "8"]
[EventCountry "BOL"]
[SourceTitle "CBM 182 Extra"]
[Source "ChessBase"]
[SourceDate "2018.02.23"]
[SourceVersion "1"]
[SourceVersionDate "2018.02.23"]
[SourceQuality "1"]

1. e4 e5 2. Bc4 Nc6 3. Nf3 Be7 4. Nc3 Nf6 5. d3 0-0 6. h3 d6 7. Be3 Na5 8. Bb3 c6 9. 0-0 Nxb3 10. axb3 a6 11. d4 exd4 12. Nxd4 Re8 13. Nf5 Bf8 14. Ng3 Be6 15. Nce2 d5 16. e5 Nd7 17. f4 g6 18. Nd4 Qh4 19. Kh2 c5 20. Nf3 Qe7 21. f5 Bxf5 22. Nxf5 gxf5 23. Bg5 Qe6 24. Bf4 d4 25. Ng5 Qg6 26. c3 Nxe5 27. cxd4 cxd4 28. Bxe5 Rxe5 29. Nf3 Re4 30. Ra5 Rae8 31. Rf2 Bd6+ 32. Kg1 Bg3 33. Rf1 Re2 34. Kh1 Bc7 35. Rg1 R8e3 36. Ra1 Qg3 37. Qxe2 Rxe2 38. Rge1 d3 39. Rxe2 dxe2 40. Rg1 Ba5 41. b4 Bb6 42. b5 Bxg1 43. Nxg1 e1Q 0-1

[Event "La Paz Adalp Cup"]
[Site "La Paz"]
[Date "2017.03.07"]
[Round "6"]
[White "Saavedra, Nilo"]
[Black "Parraga, Alejandro"]
[Result "1-0"]
[WhiteElo "1998"]
[BlackElo "2135"]
[PlyCount "77"]
[EventDate "2017.02.20"]
[EventType "tourn"]
[EventRounds "11"]
[EventCountry "BOL"]
[SourceTitle "CBM 177 Extra"]
[Source "ChessBase"]
[SourceDate "2017.04.27"]
[SourceVersion "1"]
[SourceVersionDate "2017.04.27"]
[SourceQuality "1"]

1. d4 d5 2. g3 Nf6 3. Bg2 c6 4. Nf3 g6 5. c4 Bg7 6. 0-0 0-0 7. b3 Ne4 8. e3 Nd7 9. Bb2 e6 10. Qe2 b6 11. Rd1 Ba6 12. Qc2 Rc8 13. Na3 Qe7 14. Rac1 Rfd8 15. Nb1 f5 16. Bf1 h6 17. Ba3 Qf6 18. cxd5 cxd5 19. Qb2 Bxf1 20. Rxf1 g5 21. Nfd2 Nxd2 22. Nxd2 e5 23. Rxc8 Rxc8 24. Rc1 Rxc1+ 25. Qxc1 exd4 26. Bb2 Qe6 27. exd4 Kh7 28. Kf1 f4 29. Qc2+ Qg6 30. Qxg6+ Kxg6 31. gxf4 g4 32. Kg2 Kf5 33. Kg3 Nf6 34. f3 h5 35. Nf1 h4+ 36. Kxh4 Kxf4 37. fxg4 Nxg4 38. Bc1+ Kf5 39. Ng3+ 1-0